00467 2200181 4500001002100000008004100021035002000062245007500082100001700157250000600174260003700180300001200217084001400229082000800243650001000251990001200261990001200273INLIS000000000001333 ind  a0010-0524000568 aRemember Winter; Mencintaimu Adalah Hal Yang Paling MudahcSophie Maya aMaya, Sophie a1 aYogyakarta :bSheila/ Andic2015 a252 hlm a813 SOP r a813 aFiksi a0741508 a0741509